000 00595nam a2200193 a 4500
001 000019620
005 20200929170059.0
008 100701s1959 cl a r 000 p spa d
040 _aDO-SdBNP
_bspa
_cBNPHU
082 _aCH861.44
_bF837m
100 1 _aFranzani, Víctor,
_942060
245 1 0 _aMeridiano del hombre :
_bpoemas /
_cVíctor Franzani ;.
260 _aSantiago, Chile :
_bImprenta Fantasía,
_c1959.
300 _a38 p. ;
_c19 cm.
500 _aIncluye referencia biográfica en la solapa.
650 4 _aPoesía chilena
_99166
650 4 _aLiteratura chilena
_93164
049 _aBNGR
999 _c19136
_d19136